<?xml version="1.0" encoding="UTF-8"?>
<marc:record xmlns:marc="http://www.loc.gov/MARC21/slim">
   <marc:leader>00000nam a2200000 a 4500</marc:leader>
   <marc:datafield ind1="1" ind2=" " tag="100">
      <marc:subfield code="a">Hilberger, Oliver</marc:subfield>
      <marc:subfield code="4">ctb</marc:subfield>
      <marc:subfield code="e">Mitwirkende/-r</marc:subfield>
   </marc:datafield>
   <marc:datafield ind1="1" ind2=" " tag="100">
      <marc:subfield code="a">Sladky, Pamela</marc:subfield>
      <marc:subfield code="4">ctb</marc:subfield>
      <marc:subfield code="e">Mitwirkende/-r</marc:subfield>
   </marc:datafield>
   <marc:datafield ind1=" " ind2=" " tag="653">
      <marc:subfield code="a">Longe</marc:subfield>
   </marc:datafield>
   <marc:datafield ind1=" " ind2=" " tag="653">
      <marc:subfield code="a">Reiten</marc:subfield>
   </marc:datafield>
   <marc:datafield ind1="0" ind2="0" tag="245">
      <marc:subfield code="a">Gymnastizierende Arbeit an der Hand</marc:subfield>
   </marc:datafield>
   <marc:datafield ind1="0" ind2="0" tag="245">
      <marc:subfield code="b">Schritt für Schritt zu Losgelassenheit und Selbstvertrauen</marc:subfield>
   </marc:datafield>
   <marc:datafield ind1="0" ind2="0" tag="245">
      <marc:subfield code="c">von Oliver Hilberger. [Fotos und Grafiken: Pamela Sladky</marc:subfield>
   </marc:datafield>
   <marc:datafield ind1=" " ind2="1" tag="264">
      <marc:subfield code="a">Brunsbek</marc:subfield>
      <marc:subfield code="b">Cadmos</marc:subfield>
      <marc:subfield code="c">2008</marc:subfield>
   </marc:datafield>
   <marc:datafield ind1="1" ind2=" " tag="520">
      <marc:subfield code="a">Angaben aus der Verlagsmeldung

Gymnastizierende Arbeit an der Hand : Schritt für Schritt zu Losgelassenheit und Selbstvertrauen / von Oliver Hilberger

Die Arbeit an der Hand in ihrer klassischen Form, wie sie heute noch zum Beispiel in der Wiener Hofreitschule praktiziert wird, ist im Alltag vieler Dressurreiter leider stark in den Hintergrund geraten und wird nicht selten als unnötig abgetan. Dabei wird übersehen, wie wertvoll diese Arbeit vom Boden aus als Alternative und als Ergänzung für die Arbeit unter dem Sattel ist – und zwar nicht nur in hohen Lektionen, sondern auch im Bereich der Basisübungen, die von fast allen Reitern und Pferden gut erlernt werden können. Das gilt für Pferde, die aus gesundheitlichen Gründen vorübergehend keinen Sattel tragen können, ebenso wie für Pferde, die sich schwer unter dem Reiter gymnastizieren lassen und Schwierigkeiten haben, ihr Gleichgewicht zu finden.
Reiter profitieren von der Arbeit an der Hand dadurch, dass sie ihre präzise Hilfengebung schulen und unabhängig von den eigenen reiterlichen Fähigkeiten ihr Pferd auf schwierigere Lektionen vorbereiten können. Für beide Partner bietet die klassische Arbeit an der Hand die Möglichkeit, Abwechslung in den Trainingsalltag zu bringen.
Das Buch erläutert systematisch Schritt für Schritt den Weg zur korrekten und spielerisch leichten Ausbildung des Pferdes vom Boden aus. Ein besonderer Schwerpunkt liegt auf der Beschreibung der Seitengänge, denen für die Gymnastizierung und Vorbereitung auf schwere Lektionen eine zentrale Rolle zukommt. Die Bilder lassen die schriftlichen Erläuterungen hervorragend nachvollziehen und stellen dank besonderer Bildtechnik auch Bewegungsabfolgen anschaulich dar.
</marc:subfield>
   </marc:datafield>
   <marc:datafield ind1=" " ind2=" " tag="020">
      <marc:subfield code="a">9783861274490</marc:subfield>
      <marc:subfield code="9">9783861274490</marc:subfield>
   </marc:datafield>
   <marc:datafield ind1=" " ind2=" " tag="041">
      <marc:subfield code="a">ger</marc:subfield>
   </marc:datafield>
   <marc:datafield ind1=" " ind2=" " tag="300">
      <marc:subfield code="a">159 S.</marc:subfield>
   </marc:datafield>
</marc:record>
